Ποίηση - γλυπτική - πεζογραφία : Κική Δημουλά - Θόδωρος - Θανάσης Βαλτινός : πρακτικά Ζ' συμποσίου, Λευκάδα 9-11 Αυγούστου, 2002

Αποθηκεύτηκε σε:
Λεπτομέρειες βιβλιογραφικής εγγραφής
Συλλογικό Έργο: Εταιρεία Λευκαδικών Μελετών, Πνευματικό Κέντρο Δήμου Λευκάδας
Μορφή: Βιβλίο
Γλώσσα:Greek
Δημοσίευση: Αθήνα : Εταιρεία Λευκαδικών Μελετών, 2003
Θέματα:
Ετικέτες: Προσθήκη ετικέτας
Δεν υπάρχουν, Καταχωρήστε ετικέτα πρώτοι!

MARC

LEADER 00000nam a2200000 i 4500
001 1/75282
008 080221s2003 gre d
020 |a 960-7498-19-4 
035 |l 10094880 
040 |a GR-MY-UA  |b gre  |e aacr 
041 0 |a gre 
082 0 |a 880.09  |2 (22) 
245 1 0 |a Ποίηση - γλυπτική - πεζογραφία :  |b Κική Δημουλά - Θόδωρος - Θανάσης Βαλτινός : πρακτικά Ζ' συμποσίου, Λευκάδα 9-11 Αυγούστου, 2002 /  |c Εταιρεία Λευκαδικών Μελετών ; Πνευματικό Κέντρο Δήμου Λευκάδας 
260 |a Αθήνα :   |b Εταιρεία Λευκαδικών Μελετών,   |c 2003 
300 |a 142 σ.;  |b ασπρ. εικ.;  |c 24 εκ. 
500 |a Πρακτικά συμποσίου που διοργανώθηκε από την Εταιρεία Λευκαδικών Μελετών και το Πνευματικό Κέντρο Δήμου Λευκάδας στα πλαίσια των Γιορτών Λόγου και Τέχνης στις 9-11 Αυγούστου 2002 
600 1 0 |a Δημουλά Κική  |d 1931-  |x Criticism and interpretation. 
600 0 0 |a Θόδωρος,   |d 1931- 
600 1 0 |a Βαλτινός, Θανάσης  |d 1932- 
650 0 0 |a Greek literature, Modern  |x Congresses. 
650 0 0 |a Greek literature, Modern  |y 20th century. 
650 0 0 |a Greek prose literature, Modern. 
710 2 |a Εταιρεία Λευκαδικών Μελετών. 
710 2 |a Πνευματικό Κέντρο Δήμου Λευκάδας. 
852 |a INST  |b RHODES  |e 20080221  |h 880.09 ΠΟΙ  |p 005400029894  |q 005400029894  |t BK  |y 0 
901 |a BIBL4-2008-1 
909 |a Ρ  |b 128392 
920 |a ΕΡΓΑΣΤΗΡΙΟ ΙΣΤΟΡΙΑΣ  |y ΡΟΔΟΣ  |z 2008-02 
970 |a ΚΟΖΑ  |b ΜΑΡΙΑ  |z 2008/02/21